| 000 | 00781nam a22002057a 4500 | ||
|---|---|---|---|
| 005 | 20140702124212.0 | ||
| 010 | _aENG-109755 | ||
| 020 |
_a9788173818882 _c550.00 |
||
| 035 | _aEN-93288 | ||
| 037 | _bDBAD/PUB | ||
| 082 | _a339 | ||
| 100 | _aMukherjee, Sampat | ||
| 245 | 0 | 0 |
_aMacroeconomics : _cby Sampat Mukherjee [and] Sambit Mukherjee _ba global text / |
| 260 |
_aKolkata _bNew Central Book Agency _c2013 |
||
| 270 |
_a8/1 Chintamoni Das Lane _bKolkata _e700009 |
||
| 300 |
_axi,964p. _c24cm(pbk) |
||
| 500 | _a | ||
| 700 | _aMukherjee, Sambit | ||
| 942 |
_2ddc _cEN _mMUK _h339 |
||
| 999 |
_c83663 _d83663 |
||